| 000 | | | 04027nmc2a22002413x 450 |
| 001 | | | ed881228-c0c5-44b1-b78f-96101e292c9d |
| 005 | | | 20210429215418.0 |
| 100 | ## | $a | 20210115l19161916k l0rusy0189 ca |
| 101 | 0# | $a | rus |
| 102 | ## | $a | RU |
| 105 | ## | $a | y### |
| 122 | 2# | $a | d |
| 200 | 1# | $a | Доклад Мариупольской уездной земской управы земскому собранию чрезвычайной сессии 28 апреля 1916 года о представлении вновь в Министерство народного просвещения на утверждение пересоставленной по указаниям Министерства народного просвещения школьной сети Мариупольского уезда и города Мариуполя Екатеринославской губернии Одесского учебного округа, возвращенной из Министерства для исправления при предложении господина Екатеринославского губернатора от 17 декабря 1915 года за №4075 |
| | $j | 1916 г. |
| 215 | ## | $a | 21 л. |
| | $d | 36,5х26 см |
| 251 | ## | $c | Дело |
| 300 | ## | $a | Печатное |
| 371 | ## | $a | Документ не является опубликованным и широко распространяемым |
| 461 | #0 | $1 | 001a74412a3-3cc5-4d21-8f0a-dfe2fbd9e72d |
| | $1 | 2001 |
| | $a | Департамент народного просвещения Министерства народного просвещения |
| | $1 | 251 |
| | $c | Фонд |
| | $1 | 852 |
| | $j | 733 |
| 462 | #0 | $1 | 00173c1669c-51d1-410e-a12d-e121acdd6a9e |
| | $1 | 2001 |
| | $a | Дела о школьных сетях и финансовые планы |
| | $1 | 251 |
| | $c | Опись |
| | $1 | 852 |
| | $j | 187 |
| 801 | #0 | $a | RU |
| | $b | РГИА |
| | $c | 20210115 |
| | $g | RCR |
| 801 | #1 | $a | RU |
| | $b | ГлавНИВЦ |
| | $c | 20210115 |
| | $2 | rusmarc |
| 801 | #2 | $a | RU |
| | $b | ПБ им. Б.Н. Ельцина |
| | $c | 20210429 |
| | $g | RCR |
| | $2 | rusmarc |
| 850 | ## | $a | РГИА |
| 852 | ## | $a | РГИА |
| | $e | Федеральное казенное учреждение "Российский государственный исторический архив" (РГИА) |
| | $j | 622 |
| 937 | ## | $h | РГИА |
| | $d | 12356594 |
| | $a | ASBIBLIO_SCAN |
| 035 | ## | $a | RusGRCC00021098 |
| 856 | ## | $u | http://readingroom.main.prlib.ru/item.aspx?id_node=n164032954&mode=full |